| 000 -LEADER |
| fixed length control field |
00504nam a2200145 4500 |
| 082 ## - DEWEY DECIMAL CLASSIFICATION NUMBER |
| Classification number |
TNC A6x5434 G123 |
| 100 ## - MAIN ENTRY--PERSONAL NAME |
| Personal name |
Gahlot, Sukhvir Singh |
| 9 (RLIN) |
20097 |
| 245 ## - TITLE STATEMENT |
| Title |
Freedom struggle in Rajasthan: |
| Remainder of title |
some aspects |
| Statement of responsibility, etc |
by Sukhvir Singh Gahlot |
| 260 ## - PUBLICATION, DISTRIBUTION, ETC. (IMPRINT) |
| Place of publication, distribution, etc |
Jodhpur |
| Name of publisher, distributor, etc |
Research Publishers |
| Date of publication, distribution, etc |
1986 |
| 300 ## - PHYSICAL DESCRIPTION |
| Extent |
68p. |
| 650 ## - SUBJECT ADDED ENTRY--TOPICAL TERM |
| Topical term or geographic name as entry element |
Rajasthan (India) -- History. |
| 9 (RLIN) |
20098 |
| 650 ## - SUBJECT ADDED ENTRY--TOPICAL TERM |
| Topical term or geographic name as entry element |
India -- History -- Autonomy and independence movements |
| 9 (RLIN) |
20099 |
| 650 ## - SUBJECT ADDED ENTRY--TOPICAL TERM |
| Topical term or geographic name as entry element |
Autonomy and independence movements |
| 9 (RLIN) |
20100 |
| 942 ## - ADDED ENTRY ELEMENTS (KOHA) |
| Source of classification or shelving scheme |
|